[Event "Rilton Cup"]
[Site "?"]
[Date "2001.12.27"]
[Round "1"]
[White "Norquist, Joergen"]
[Black "Eriksson, Joergen"]
[Result "1/2-1/2"]
[WhiteElo "2104"]
[BlackElo "2224"]
[Annotator "Kyhle"]
[PlyCount "25"]

1. e4 d6 2. d4 Nf6 3. Bd3 c5 4. c3 Nc6 5. d5 Ne5 6. Bc2 e6 7. f4 Ng6 8. c4 exd5
9. cxd5 Be7 10. Nc3 O-O 11. Nf3 Re8 12. O-O Bf8 13. a4 1/2-1/2

[Event "Rilton Cup"]
[Site "?"]
[Date "2001.12.27"]
[Round "1"]
[White "Hunt, Adam"]
[Black "Stenson, Johan"]
[Result "1-0"]
[WhiteElo "2356"]
[BlackElo "2071"]
[Annotator "Kyhle"]
[PlyCount "69"]

1. e4 c6 2. d4 d5 3. exd5 cxd5 4. c4 Nf6 5. Nc3 e6 6. Nf3 Be7 7. cxd5 Nxd5 8.
Bd3 O-O 9. O-O Nc6 10. Re1 b6 11. a3 Bb7 12. Bc2 Nxc3 13. bxc3 Bf6 14. Qd3 g6
15. Bh6 Re8 16. Nd2 Bg7 17. Bxg7 Kxg7 18. Ne4 Rc8 19. Qg3 e5 20. d5 Nd4 21.
cxd4 Rxc2 22. dxe5 Qxd5 23. Nf6 Qe6 24. Nxe8+ Qxe8 25. Rac1 Qc6 26. Qg5 Qc3 27.
Rcd1 Qc6 28. Rc1 Qc3 29. h3 h6 30. Qf6+ Kg8 31. Rcd1 Rd2 32. Qf4 Qc6 33. f3
Rxd1 34. Rxd1 Kg7 35. Rd6 1-0

[Event "Rilton Cup"]
[Site "?"]
[Date "2001.12.27"]
[Round "1"]
[White "Ahlander, Bjoern"]
[Black "Jensen, Leif"]
[Result "1-0"]
[WhiteElo "2426"]
[BlackElo "2123"]
[Annotator "Kyhle"]
[PlyCount "59"]

1. d4 d5 2. c4 c6 3. Nc3 Nf6 4. Nf3 e6 5. Bg5 Nbd7 6. e3 Qa5 7. cxd5 exd5 8.
Bd3 Be7 9. O-O O-O 10. Ne5 Re8 11. f4 h6 12. Bh4 g6 13. Qf3 Nh7 14. Qg3 Bxh4
15. Qxh4 Kg7 16. Nxf7 Kxf7 17. Qxh6 Nhf8 18. f5 g5 19. f6 Re6 20. Qh5+ Kg8 21.
Qxg5+ Kf7 22. Qh5+ Kg8 23. Rf3 Rxf6 24. Rg3+ Ng6 25. Rxg6+ Rxg6 26. Qxg6+ Kf8
27. Rf1+ Ke7 28. Rf7+ Kd8 29. Qd6 Qc7 30. Rf8# 1-0

[Event "Rilton Cup"]
[Site "?"]
[Date "2001.12.27"]
[Round "1"]
[White "Nystroem, Ragnar"]
[Black "Hector, Jonny"]
[Result "0-1"]
[WhiteElo "2167"]
[BlackElo "2528"]
[Annotator "Kyhle"]
[PlyCount "62"]

1. e4 e5 2. Nf3 Nc6 3. Bc4 Nf6 4. d4 exd4 5. O-O Nxe4 6. Re1 d5 7. Bxd5 Qxd5 8.
Nc3 Qh5 9. Nxe4 Be6 10. Bg5 Bd6 11. Nxd6+ cxd6 12. Bf4 Qd5 13. c3 Kd7 14. Nxd4
Nxd4 15. cxd4 g5 16. Be3 h5 17. Qa4+ b5 18. Qa5 h4 19. Rac1 Rhc8 20. a4 b4 21.
Rxc8 Qxa5 22. Rxa8 Bd5 23. Rg8 b3 24. Rd1 f6 25. Rg6 Ke6 26. f4 gxf4 27. Bd2
Qa6 28. Rg4 Kf7 29. Kf2 Qd3 30. Rxf4 Bc4 31. Kg1 Qc2 0-1

[Event "Rilton Cup"]
[Site "?"]
[Date "2001.12.27"]
[Round "1"]
[White "Algars, Olle"]
[Black "Akesson, Ralf"]
[Result "0-1"]
[WhiteElo "2130"]
[BlackElo "2450"]
[Annotator "Kyhle"]
[PlyCount "46"]

1. e4 c6 2. d4 d5 3. e5 Bf5 4. Nf3 e6 5. Be2 Nd7 6. O-O h6 7. b3 c5 8. Bb2 Ne7
9. c4 dxc4 10. Bxc4 a6 11. a4 Nb6 12. Be2 Nc6 13. Na3 Nd5 14. Nc4 Nf4 15. Nd6+
Bxd6 16. exd6 Qxd6 17. dxc5 Qxc5 18. Rc1 Qb6 19. Bc4 Rd8 20. Qe1 Bd3 21. a5
Nxa5 22. Qe5 Nxc4 23. Qxg7 Rh7 0-1

[Event "Rilton Cup"]
[Site "?"]
[Date "2001.12.27"]
[Round "1"]
[White "Nataf, Igor"]
[Black "Andersson, Rickard"]
[Result "1-0"]
[WhiteElo "2535"]
[BlackElo "2175"]
[Annotator "Kyhle"]
[PlyCount "57"]

1. e4 c5 2. Nf3 e6 3. d4 cxd4 4. Nxd4 a6 5. Nc3 Qc7 6. Be2 Nc6 7. O-O Nf6 8.
Kh1 Be7 9. f4 d6 10. a4 O-O 11. Be3 Na5 12. g4 d5 13. exd5 Nxd5 14. Nxd5 exd5
15. b3 Re8 16. Qd3 Bd6 17. Bf3 Nc6 18. c3 Bd7 19. Bxd5 Bxg4 20. Rg1 Be6 21.
Nxe6 fxe6 22. Be4 h6 23. Rg4 Rad8 24. Qc2 Be7 25. Rag1 Bf6 26. Rg6 Kh8 27. Qg2
Re7 28. Qh3 28... Rdd7 {#} 29. Qxh6+ 1-0

[Event "Rilton Cup"]
[Site "?"]
[Date "2001.12.27"]
[Round "1"]
[White "Rowson, Jonathan"]
[Black "Skjoldborg, Jesper"]
[Result "1-0"]
[WhiteElo "2512"]
[BlackElo "2155"]
[Annotator "Kyhle"]
[PlyCount "39"]

1. e4 c5 2. Nf3 d6 3. Nc3 Nc6 4. d4 cxd4 5. Nxd4 g6 6. Be3 Bg7 7. Qd2 Nf6 8. f3
O-O 9. Bc4 Bd7 10. O-O-O Qa5 11. Kb1 Rfc8 12. Bb3 Ne5 13. h4 Nc4 14. Bxc4 Rxc4
15. Nb3 Qc7 16. h5 b5 17. hxg6 hxg6 18. Bh6 Bh8 19. Bg5 Rxc3 20. Rxh8+ 1-0

[Event "Rilton Cup"]
[Site "?"]
[Date "2001.12.27"]
[Round "1"]
[White "Yakovich, Yuri"]
[Black "Gleizerov, Evgenij"]
[Result "0-1"]
[WhiteElo "2191"]
[BlackElo "2575"]
[Annotator "Kyhle"]
[PlyCount "78"]

1. d4 e6 2. Nf3 f5 3. g3 Nf6 4. Bg2 d5 5. O-O Bd6 6. c4 c6 7. Bg5 O-O 8. Nc3
Nbd7 9. a3 Qe8 10. Bxf6 Nxf6 11. Qd3 a5 12. Nd2 b6 13. f3 f4 14. e4 Qg6 15. g4
e5 16. dxe5 Bc5+ 17. Kh1 Nd7 18. Qe2 d4 19. Nd1 Nxe5 20. Nf2 h5 21. gxh5 Qxh5
22. Nd3 Rf6 23. Rf2 Rh6 24. Bf1 Be6 25. Nxe5 Qxe5 26. Qd3 Be7 27. Nb3 Rd8 28.
Rd1 g5 29. Nc1 Kf7 30. Be2 Rdh8 31. Qd2 R8h7 32. Bd3 g4 33. fxg4 Bg5 34. Qe2 f3
35. Qxf3+ Ke7 36. Qg2 Bf4 37. Rxf4 Qxf4 38. Rd2 Rxh2+ 39. Qxh2 Rxh2+ 0-1

[Event "Rilton Cup"]
[Site "?"]
[Date "2001.12.27"]
[Round "1"]
[White "Yakovich, Yuri"]
[Black "Agrest, Evgenij"]
[Result "1-0"]
[WhiteElo "2588"]
[BlackElo "2205"]
[Annotator "Kyhle"]
[PlyCount "69"]

1. d4 Nf6 2. c4 g6 3. Nc3 Bg7 4. e4 d6 5. Be2 O-O 6. Bg5 Na6 7. Nf3 e5 8. dxe5
dxe5 9. Qxd8 Rxd8 10. Nd5 Rd6 11. Nxf6+ Bxf6 12. Bxf6 Rxf6 13. Nxe5 Re6 14. f4
Nc5 15. O-O-O f6 16. Rd8+ Kg7 17. Nd3 Rxe4 18. Nxc5 Rxe2 19. Nd3 b6 20. Re1
Rxe1+ 21. Nxe1 c5 22. Nc2 h5 23. Ne3 Kh6 24. Rd6 Kg7 25. Nd5 Bf5 26. Nxf6 Rf8
27. Nd5 Re8 28. Nc3 h4 29. Kd2 Kh6 30. Nd1 Re4 31. g3 hxg3 32. hxg3 Kh5 33. Ne3
Be6 34. Kd3 34... Bf5 {#} 35. g4+ 1-0

[Event "Rilton Cup"]
[Site "?"]
[Date "2001.12.27"]
[Round "1"]
[White "Nordstroem, Felix"]
[Black "Agrest, Evgenij"]
[Result "0-1"]
[WhiteElo "2182"]
[BlackElo "2563"]
[Annotator "Kyhle"]
[PlyCount "56"]

1. d4 d6 2. c4 f5 3. g3 Nf6 4. Bg2 g6 5. Nc3 Bg7 6. e4 fxe4 7. Nxe4 Nxe4 8.
Bxe4 Nc6 9. d5 Nd4 10. Nf3 Bg4 11. h3 Bxf3 12. Bxf3 Nxf3+ 13. Qxf3 Qd7 14. h4
c6 15. O-O Rf8 16. Qb3 O-O-O 17. Qa3 Bd4 18. Bh6 {#} 18... Qg4 19. Bxf8 Rxf8
20. Kg2 Qe2 21. dxc6 Bxf2 22. cxb7+ Kb8 23. Kh1 Qe4+ 24. Kh2 Rf3 25. Qa4 Bxg3+
26. Kg1 Bh2+ 27. Kxh2 Qxh4+ 28. Kg2 Qg4+ 0-1

[Event "Rilton Cup"]
[Site "?"]
[Date "2001.12.27"]
[Round "1"]
[White "Popov, Valerij"]
[Black "Mertanen, Janne"]
[Result "1/2-1/2"]
[WhiteElo "2578"]
[BlackElo "2193"]
[Annotator "Kyhle"]
[PlyCount "89"]

1. Nf3 c5 2. e4 d6 3. d4 cxd4 4. Nxd4 Nf6 5. f3 e5 6. Nb3 Be6 7. c4 Nbd7 8. Be3
Rc8 9. Na3 a6 10. Be2 Be7 11. O-O O-O 12. Rc1 Nh5 13. Rf2 Bg5 14. Qd2 Bxe3 15.
Qxe3 Qb6 16. Qxb6 Nxb6 17. Bf1 Rfd8 18. Rd2 Kf8 19. Na5 Rd7 20. Rc3 Rcc7 21.
Nc2 g6 22. Ne3 f5 23. Bd3 f4 24. Nd5 Bxd5 25. exd5 Ng7 26. g3 fxg3 27. hxg3 Nf5
28. Kf2 Nd4 29. Bf1 Rf7 30. Kg2 Nf5 31. Be2 Nd4 32. Bf1 Nf5 33. Rb3 Na4 34. Ra3
Nb6 35. Kf2 Nd4 36. Kg2 Nf5 37. Rd1 Na4 38. Rb1 Nb6 39. Rb3 Na4 40. Ra3 Nb6 41.
Re1 Nd4 42. Rd1 g5 43. Re3 Kg7 44. Rd2 Rf6 45. Bd3 1/2-1/2

[Event "Rilton Cup"]
[Site "?"]
[Date "2001.12.27"]
[Round "1"]
[White "Sohlberg, Christer"]
[Black "Rustemov, Alexander"]
[Result "0-1"]
[WhiteElo "2208"]
[BlackElo "2611"]
[Annotator "Kyhle"]
[PlyCount "112"]

1. e4 d6 2. d4 Nf6 3. f3 d5 4. e5 Nfd7 5. f4 e6 6. Nf3 c5 7. c3 Nc6 8. Be2 Qb6
9. b3 f6 10. exf6 Nxf6 11. Be3 Bd6 12. dxc5 Bxc5 13. Bxc5 Qxc5 14. Nd4 O-O 15.
Nxc6 bxc6 16. Qd4 Qd6 17. O-O c5 18. Qe3 Bb7 19. Nd2 Rae8 20. Rae1 Re7 21. Bf3
Rfe8 22. Qe5 Qxe5 23. Rxe5 Nd7 24. Ree1 e5 25. fxe5 Nxe5 26. Bh5 g6 27. Bd1 Ba6
28. c4 Kg7 29. Bc2 dxc4 30. bxc4 Nxc4 31. Rxe7+ Rxe7 32. Nb3 Na3 33. Rc1 c4 34.
Nc5 Bb5 35. Ba4 a6 36. Kf2 Re5 37. Bxb5 axb5 38. Na6 Re7 39. Nb4 Ra7 40. Ke2
Ra4 41. Nd5 Kf7 42. Ke3 Ke6 43. Nc3 Ra7 44. Kd4 Kd6 45. Ne4+ Kc6 46. Kc3 Re7
47. Kd4 b4 48. Nd2 Rd7+ 49. Ke3 Kb5 50. g3 c3 51. Nb3 Nc4+ 52. Ke2 Nd2 53. Na1
Ra7 54. Rc2 Kc4 55. Kd1 Kd3 56. Kc1 Rf7 0-1

[Event "Rilton Cup"]
[Site "?"]
[Date "2001.12.27"]
[Round "1"]
[White "Hillarp-Persson, Tiger"]
[Black "Ask, Josef"]
[Result "1-0"]
[WhiteElo "2450"]
[BlackElo "2142"]
[Annotator "Kyhle"]
[PlyCount "85"]

1. d4 Nf6 2. c4 g6 3. f3 Bg7 4. e4 d6 5. Nc3 O-O 6. Nge2 c5 7. d5 e6 8. Ng3
exd5 9. cxd5 Nbd7 10. Be2 a6 11. a4 Rb8 12. O-O Qc7 13. Be3 c4 14. a5 b5 15.
axb6 Nxb6 16. Bd4 Nbd7 17. Qd2 Nc5 18. Bxc4 Rb4 19. Qe2 Nfxe4 20. Bxg7 Nxg3 21.
hxg3 Kxg7 22. Na2 Rb8 23. Rf2 Qb6 24. Nc3 Bd7 25. Qd2 Rfe8 26. g4 Qb4 27. Qd4+
Kg8 28. Rd1 Bb5 29. Bxb5 Qxd4 30. Rxd4 axb5 31. b4 Re1+ 32. Kh2 Nd7 33. Ne4 Rb6
34. Rc2 Ne5 35. g5 Nc4 36. Ra2 Rb8 37. Ra6 Rd8 38. Ra7 Rb1 39. Nf6+ Kg7 40. Rh4
h5 41. Re4 Rxb4 42. Rd7 Rxd7 43. Re8 1-0

[Event "Rilton Cup"]
[Site "?"]
[Date "2001.12.27"]
[Round "1"]
[White "Marin, Michail"]
[Black "Skjoldborg, Jesper"]
[Result "1-0"]
[WhiteElo "2561"]
[BlackElo "2181"]
[Annotator "Kyhle"]
[PlyCount "79"]

1. c4 Nf6 2. Nc3 e5 3. Nf3 Nc6 4. g3 d5 5. cxd5 Nxd5 6. Bg2 Be6 7. O-O Be7 8.
d4 exd4 9. Nxd4 Nxd4 10. Qxd4 Nxc3 11. Qxc3 O-O 12. Bxb7 Rb8 13. Bf3 Rb5 14.
Qc6 Qb8 15. b3 Rb6 16. Qc2 Bf6 17. Ba3 Bxa1 18. Bxf8 Qxf8 19. Rxa1 c5 20. Rc1
Ra6 21. Bb7 Ra5 22. Rd1 Rb5 23. Bd5 Rb6 24. Bxe6 Rxe6 25. Rd5 g6 26. h4 Qe7 27.
Qxc5 Qxc5 28. Rxc5 Rxe2 29. Ra5 Re7 30. Kg2 Kf8 31. Kf3 Rc7 32. b4 Ke7 33. Ra6
f6 34. b5 h5 35. a4 Kf7 36. Ke4 g5 37. f4 gxh4 38. gxh4 Kg6 39. f5+ Kf7 40. Kd5
1-0

[Event "Rilton Cup"]
[Site "?"]
[Date "2001.12.27"]
[Round "1"]
[White "Wedberg, Tom"]
[Black "Johansson, Gunnar"]
[Result "1-0"]
[WhiteElo "2529"]
[BlackElo "2167"]
[Annotator "Kyhle"]
[PlyCount "94"]

1. e4 e5 2. Nf3 Nc6 3. Bb5 a6 4. Ba4 d6 5. c4 Bd7 6. Nc3 Nge7 7. Nd5 Nxd5 8.
cxd5 Nd4 9. Nxd4 exd4 10. d3 b5 11. Bb3 Be7 12. Bd2 a5 13. a4 b4 14. O-O O-O
15. Rc1 Rc8 16. Rc4 c5 17. dxc6 Bxc6 18. Rxd4 Bf6 19. Rc4 d5 20. Rxc6 Rxc6 21.
Bxd5 Rc8 22. b3 Bd4 23. Bc4 Qh4 24. Qf3 Rc6 25. Be3 Rf6 26. Qe2 Bxe3 27. Qxe3
Rh6 28. h3 g5 29. Qg3 Qf4 30. Re1 Qxg3 31. fxg3 Kg7 32. e5 Rd8 33. Re4 f5 34.
exf6+ Rxf6 35. Re5 Ra8 36. Rxg5+ Rg6 37. Rc5 Rxg3 38. Bd5 Ra7 39. Be4 h6 40.
Kf2 Rg5 41. Bf5 Kf6 42. g4 h5 43. Rc6+ Ke7 44. Kf3 hxg4+ 45. hxg4 Rg8 46. Kf4
Rb8 47. d4 Rd8 1-0

[Event "Rilton Cup"]
[Site "?"]
[Date "2001.12.27"]
[Round "1"]
[White "Johansson, Gunnar"]
[Black "Ulibin, Michail"]
[Result "1-0"]
[WhiteElo "2199"]
[BlackElo "2580"]
[Annotator "Kyhle"]
[PlyCount "78"]

1. e4 c5 2. c3 e6 3. d4 d5 4. exd5 exd5 5. Nf3 Nc6 6. Bb5 Bd6 7. dxc5 Bxc5 8.
O-O Nge7 9. Nbd2 O-O 10. Nb3 Bd6 11. Be3 Bg4 12. Be2 Re8 13. Re1 a6 14. Qd2 Qc7
15. h3 Bf5 16. Bc5 Bf4 17. Be3 Bd6 18. Bc5 Bf4 19. Be3 Bxe3 20. Qxe3 Ng6 21.
Qd2 Be4 22. Nfd4 Nf4 23. Bf1 Nxd4 24. Nxd4 h6 25. Re3 Nh5 26. Rae1 Nf6 27. Nb3
Qc6 28. Qd4 Red8 29. f3 Bc2 30. Bd3 Bxd3 31. Rxd3 a5 32. Qf2 a4 33. Nd4 Qc4 34.
Rde3 Qxa2 35. Nf5 Kh7 36. Re7 Rd7 37. Qg3 Rg8 38. Rxd7 Nxd7 39. Qc7 Nf6 1-0

[Event "Rilton Cup"]
[Site "?"]
[Date "2001.12.27"]
[Round "1"]
[White "Todorovic, Zoran"]
[Black "Eriksson, Johan"]
[Result "0-1"]
[WhiteElo "2120"]
[BlackElo "2415"]
[Annotator "Kyhle"]
[PlyCount "79"]

1. e4 c5 2. Nf3 d6 3. d4 cxd4 4. Nxd4 Nf6 5. Nc3 a6 6. Bg5 e6 7. Qd2 b5 8. f3
Bb7 9. O-O-O Nbd7 10. g4 h6 11. Be3 Rc8 12. Kb1 b4 13. Na4 Qa5 14. b3 d5 15. e5
Nxe5 16. Nxe6 Nxf3 17. Qe2 d4 18. Bxd4 Nxd4 19. Nxd4+ Be7 20. Rg1 Kf8 21. Bg2
Bxg2 22. Qxg2 Nd5 23. Nc6 Rxc6 24. Rxd5 Qc7 25. Rgd1 Bf6 26. Rd7 Qe5 27. Rd8+
Bxd8 28. Qxc6 Bf6 29. Qc8+ Qe8 30. Qc5+ Kg8 31. Qd5 Qe5 32. Qxe5 Bxe5 33. h3
Kh7 34. Nc5 a5 35. Rd5 Re8 36. Nd3 Bc3 37. Rf5 Kg8 38. a4 Re3 39. Rxa5 Rxh3 40.
Nb2 0-1

[Event "Rilton Cup"]
[Site "?"]
[Date "2001.12.28"]
[Round "2"]
[White "Sjoberg, Mats"]
[Black "Todorovic, Zoran"]
[Result "1-0"]
[WhiteElo "2338"]
[BlackElo "2120"]
[PlyCount "67"]

1. d4 Nf6 2. c4 e6 3. Nf3 Bb4+ 4. Nbd2 O-O 5. a3 Be7 6. e4 h6 7. Bd3 d6 8. Qe2
Nbd7 9. e5 dxe5 10. dxe5 Nh7 11. Ne4 b6 12. Bf4 Bb7 13. O-O-O Qc8 14. g4 f5 15.
gxf5 exf5 16. Nc3 Nc5 17. Nd5 Bd8 18. Rhg1 Kh8 19. Bc2 Ne6 20. Be3 c6 21. Nf4
Nxf4 22. Bxf4 c5 23. e6 Bxf3 24. Qxf3 Ng5 25. Bxg5 Bxg5+ 26. Rxg5 hxg5 27. Qh3+
Kg8 28. Bxf5 Rxf5 29. Qxf5 Qf8 30. Qxg5 Re8 31. f4 Rxe6 32. Rd8 Re8 33. Qd5+
Kh7 34. Qh5+ 1-0

[Event "Rilton Cup"]
[Site "?"]
[Date "2001.12.28"]
[Round "2"]
[White "Logdahl, Harald"]
[Black "Taimanov, Mark"]
[Result "1-0"]
[WhiteElo "2259"]
[BlackElo "2439"]
[PlyCount "71"]

1. e4 c5 2. c4 Nc6 3. Nc3 g6 4. g3 Bg7 5. Bg2 e6 6. Nge2 Nge7 7. O-O O-O 8. d3
a6 9. Be3 Nd4 10. Qd2 Nec6 11. Bh6 Bxh6 12. Qxh6 d6 13. Qd2 Rb8 14. Nxd4 Nxd4
15. Ne2 Qf6 16. Nxd4 Qxd4 17. Qc3 e5 18. Qxd4 exd4 19. b4 Bd7 20. bxc5 dxc5 21.
a4 f6 22. a5 Kf7 23. Rfb1 Ke7 24. Rb6 Kd8 25. Rab1 Kc7 26. e5 fxe5 27. Rxb7+
Rxb7 28. Rxb7+ Kd6 29. Rb6+ Kc7 30. Rxa6 Rb8 31. Ra7+ Kd6 32. Rb7 Rxb7 33. Bxb7
Bf5 34. Be4 Kc7 35. Bxf5 gxf5 36. f3 1-0

[Event "Rilton Cup"]
[Site "?"]
[Date "2001.12.28"]
[Round "2"]
[White "Akesson, Ralf"]
[Black "Evertsson, Lennart"]
[Result "1-0"]
[WhiteElo "2437"]
[BlackElo "2238"]
[PlyCount "51"]

1. Nf3 c5 2. c4 Nf6 3. Nc3 Nc6 4. d4 cxd4 5. Nxd4 d6 6. e4 g6 7. Be2 Bg7 8. Be3
O-O 9. O-O Bd7 10. Qd2 Rc8 11. f3 Ne5 12. b3 Re8 13. Rfd1 a6 14. Rac1 Bc6 15.
h3 Qc7 16. f4 Ned7 17. Bf3 Qb8 18. g4 Red8 19. Qe2 Nf8 20. Nxc6 bxc6 21. c5 a5
22. Qa6 Qb4 23. cxd6 exd6 24. Rd4 Qa3 25. Ra4 Qb2 26. Nd1 1-0

[Event "Rilton Cup"]
[Site "?"]
[Date "2001.12.28"]
[Round "2"]
[White "Kolbus, Dietmar"]
[Black "Rowson, Jonathan"]
[Result "1/2-1/2"]
[WhiteElo "2307"]
[BlackElo "2512"]
[PlyCount "56"]

1. d4 Nf6 2. c4 e6 3. Nf3 b6 4. g3 Ba6 5. b3 Bb4+ 6. Bd2 Be7 7. Nc3 c6 8. Bg2
d5 9. Ne5 Nfd7 10. cxd5 Nxe5 11. dxe5 cxd5 12. Rc1 O-O 13. O-O Qd7 14. Be3 Rd8
15. f4 Nc6 16. Nb1 Rac8 17. Qd2 Bb4 18. Qb2 Ne7 19. Rfd1 Nf5 20. Bf2 Bc5 21.
Qd2 Bxf2+ 22. Kxf2 d4 23. Rxc8 Rxc8 24. Rc1 Rd8 25. Bf3 Qe7 26. Qb2 Rc8 27.
Rxc8+ Bxc8 28. Qc1 Qd7 1/2-1/2

[Event "Rilton Cup"]
[Site "?"]
[Date "2001.12.28"]
[Round "2"]
[White "Alquist, Erik"]
[Black "Hunt, Harriet"]
[Result "0-1"]
[WhiteElo "2030"]
[BlackElo "2406"]
[PlyCount "80"]

1. e4 c5 2. Nc3 Nc6 3. g3 g6 4. Bg2 Bg7 5. d3 d6 6. Be3 Rb8 7. Qd2 b5 8. f4 b4
9. Nd1 Qb6 10. Nf3 e6 11. O-O f5 12. Kh1 Nge7 13. h3 O-O 14. Qf2 Qc7 15. g4 a5
16. gxf5 exf5 17. Rb1 Nd8 18. Qg3 Ne6 19. Nh4 Nd4 20. Rf2 Be6 21. Bc1 Bxa2 22.
Ra1 Be6 23. Ne3 Kh8 24. Nf3 Nxf3 25. Bxf3 Rbd8 26. h4 fxe4 27. dxe4 d5 28. e5
d4 29. Ng4 Nf5 30. Qh3 d3 31. h5 gxh5 32. Rh2 dxc2 33. Kg2 h4 34. Be4 Nh6 35.
Bf3 Nxg4 36. Bxg4 Qb7+ 37. Kf2 Bxg4 38. Qxg4 Bxe5 39. Qxh4 Qe4 40. Qe7 Bd4+ 0-1

[Event "Rilton Cup"]
[Site "?"]
[Date "2001.12.28"]
[Round "2"]
[White "Stern, Rene"]
[Black "Eriksson, Anders"]
[Result "1/2-1/2"]
[WhiteElo "2474"]
[BlackElo "2301"]
[PlyCount "63"]

1. Nf3 Nf6 2. c4 c5 3. g3 b6 4. Bg2 Bb7 5. O-O e6 6. Nc3 Be7 7. d4 cxd4 8. Qxd4
d6 9. Bg5 a6 10. Bxf6 Bxf6 11. Qd3 Ra7 12. Rad1 Be7 13. b3 O-O 14. Nd4 Bxg2 15.
Kxg2 Rc7 16. f4 Nc6 17. Nxc6 Rxc6 18. f5 Bf6 19. Ne4 Be5 20. Qf3 Rc8 21. f6
gxf6 22. Rxd6 Qc7 23. Rfd1 Rfd8 24. R6d3 f5 25. Ng5 h6 26. Nh3 b5 27. Rxd8+
Rxd8 28. Rxd8+ Qxd8 29. Ng1 bxc4 30. bxc4 Qb6 31. Qd3 Bb8 32. Qb3 1/2-1/2

[Event "Rilton Cup"]
[Site "?"]
[Date "2001.12.28"]
[Round "2"]
[White "Hector, Jonny"]
[Black "Gullaksen, Eirik"]
[Result "1-0"]
[WhiteElo "2528"]
[BlackElo "2324"]
[PlyCount "69"]

1. e4 e5 2. Nf3 Nc6 3. d4 exd4 4. Nxd4 Bb4+ 5. Nc3 Nf6 6. Nxc6 bxc6 7. Bd3 d5
8. exd5 cxd5 9. O-O O-O 10. Bg5 c6 11. Ne2 Re8 12. Nd4 Qd6 13. Bh4 Ng4 14. Bg3
Qf6 15. Be2 Ne5 16. c3 Bd6 17. Qa4 Bd7 18. Rae1 h6 19. Nb3 Qg6 20. Qd4 Bc7 21.
Nc5 Bb6 22. b4 Ng4 23. a4 a5 24. bxa5 Rxa5 25. Qb4 Rxc5 26. Qxb6 Rxc3 27. Bxg4
Rxe1 28. Rxe1 Bxg4 29. a5 Qe4 30. f3 Qc2 31. fxg4 Ra3 32. Bf2 Kh7 33. a6 Rb3
34. Qc5 Rc3 35. Qa5 1-0

[Event "Rilton Cup"]
[Site "?"]
[Date "2001.12.28"]
[Round "2"]
[White "Brynell, Stellan"]
[Black "Norqvist, Jorgen"]
[Result "1-0"]
[WhiteElo "2506"]
[BlackElo "2104"]
[PlyCount "83"]

1. e4 e5 2. Nf3 Nc6 3. Bb5 Nd4 4. Nxd4 exd4 5. Bc4 Nf6 6. O-O Bc5 7. e5 d5 8.
exf6 dxc4 9. Qh5 g5 10. Re1+ Kd7 11. b4 cxb3 12. Qxg5 Kc6 13. Ba3 b6 14. axb3
Rg8 15. Qh5 Qxf6 16. Bxc5 Bg4 17. Qe5 Qxe5 18. Rxe5 f6 19. Re7 Bf3 20. g3 Rge8
21. Na3 bxc5 22. Rae1 Rxe7 23. Rxe7 Kd6 24. Rf7 Ke6 25. Rxc7 Kd6 26. Rf7 Ke6
27. Rxh7 d3 28. Rc7 Re8 29. Kf1 Kd5 30. Rd7+ Kc6 31. Rf7 Re6 32. cxd3 Rd6 33.
Nc4 Rxd3 34. Rxf6+ Kd5 35. Rd6+ Ke4 36. Rxd3 Kxd3 37. Ne5+ Kc2 38. Nxf3 Kxb3
39. h4 a5 40. h5 c4 41. h6 c3 42. dxc3 1-0

[Event "Rilton Cup"]
[Site "?"]
[Date "2001.12.28"]
[Round "2"]
[White "Furhoff, Johan"]
[Black "Wedberg, Tom"]
[Result "0-1"]
[WhiteElo "2325"]
[BlackElo "2529"]
[PlyCount "52"]

1. e4 e5 2. f4 exf4 3. Nf3 h6 4. d4 g5 5. Nc3 Bg7 6. g3 fxg3 7. h4 g4 8. Ng1 d5
9. exd5 Ne7 10. Bg2 O-O 11. Bf4 Nf5 12. Qd2 Re8+ 13. Nge2 Nxd4 14. O-O-O Nxe2+
15. Nxe2 Qf6 16. Nc3 Na6 17. Rhf1 Nb4 18. Kb1 Bf5 19. Rc1 Qa6 20. a3 Nxc2 21.
Rxc2 Bxc3 22. Qxc3 Re2 23. Bd2 Bxc2+ 24. Kxc2 Rxg2 25. Rf6 Qa4+ 26. Kb1 Qe4+
0-1

[Event "Rilton Cup"]
[Site "?"]
[Date "2001.12.28"]
[Round "2"]
[White "Ulibin, Michail"]
[Black "Jensen, Leif"]
[Result "1-0"]
[WhiteElo "2580"]
[BlackElo "2123"]
[PlyCount "67"]

1. c4 e5 2. Nc3 f5 3. g3 d6 4. Bg2 c6 5. e3 Be6 6. d3 g6 7. Nge2 Bg7 8. b4 a6
9. a4 Nf6 10. Rb1 d5 11. cxd5 cxd5 12. O-O O-O 13. a5 Nc6 14. Na4 Bf7 15. Nb6
Rb8 16. Bd2 Re8 17. b5 Na7 18. bxa6 bxa6 19. d4 e4 20. Nc3 Kh8 21. Qe2 Nc8 22.
Nca4 Nxb6 23. axb6 Qd7 24. Nc5 Qc6 25. b7 Bf8 26. Qxa6 Re6 27. Qa7 Ree8 28. Rb6
Bxc5 29. dxc5 Qxc5 30. Rc1 Qe7 31. Bc3 Be6 32. Be5 Rbd8 33. b8=Q Rxb8 34. Qxe7
1-0

[Event "Rilton Cup"]
[Site "?"]
[Date "2001.12.28"]
[Round "2"]
[White "Rat, Dan"]
[Black "Lalic, Bogdan"]
[Result "0-1"]
[WhiteElo "2318"]
[BlackElo "2522"]
[PlyCount "98"]

1. d4 Nf6 2. c4 e6 3. Nf3 b6 4. g3 Ba6 5. Nbd2 Bb4 6. Qc2 O-O 7. Bg2 d5 8. O-O
c5 9. b3 Nbd7 10. dxc5 Bxc5 11. e4 Rc8 12. exd5 exd5 13. Qd3 Re8 14. Bb2 dxc4
15. Nxc4 Bxc4 16. bxc4 Ne4 17. Rad1 Ndf6 18. Bd4 Qc7 19. Bxc5 Qxc5 20. Bh3 Rc7
21. Rc1 g6 22. Rc2 Rc6 23. Nd2 Rd6 24. Nxe4 Nxe4 25. Qe2 Re5 26. Qg4 Kg7 27.
Bg2 Nd2 28. Ra1 Rd4 29. Qd1 Nb3 30. axb3 Rxd1+ 31. Rxd1 Qb4 32. Rb1 a5 33. Kf1
a4 34. Bd5 b5 35. Rcb2 a3 36. Rc2 Rxd5 37. cxd5 Qe4 38. Rcc1 Qh1+ 39. Ke2 Qxd5
40. b4 g5 41. Kf1 Qh1+ 42. Ke2 Qe4+ 43. Kf1 h5 44. Kg1 h4 45. gxh4 gxh4 46. h3
Qf3 47. Rc5 Qxh3 48. Rc2 Qg4+ 49. Kf1 Qe4 0-1

[Event "Rilton Cup"]
[Site "?"]
[Date "2001.12.28"]
[Round "2"]
[White "Mertanen, Janne"]
[Black "Heinis, Vincent"]
[Result "1-0"]
[WhiteElo "2193"]
[BlackElo "2243"]
[PlyCount "79"]

1. d4 Nf6 2. c4 e6 3. Nc3 d5 4. Bg5 Be7 5. cxd5 exd5 6. e3 c6 7. Bd3 Nbd7 8.
Qc2 O-O 9. Nf3 Re8 10. O-O Nf8 11. h3 g6 12. Ne5 Ne6 13. Bh6 Ng7 14. g4 c5 15.
Bb5 Rf8 16. dxc5 Bxc5 17. Rad1 Bd6 18. f4 Qb6 19. Qf2 Be6 20. Nf3 Bxg4 21. hxg4
Nxg4 22. Nxd5 Qxb5 23. Qh4 f5 24. Ng5 Nh5 25. Bxf8 Bxf8 26. Nc7 Qc5 27. Nxa8
Qxe3+ 28. Kg2 Qe2+ 29. Kh1 h6 30. Rde1 Qd2 31. Ne4 Qd5 32. Nc7 Qc6 33. Ne8 Bc5
34. Qd8 Ng3+ 35. Kg2 Nxe4 36. Nd6+ Kg7 37. Qe7+ Kg8 38. Qe8+ Kg7 39. Qxc6 bxc6
40. Nxe4 1-0

[Event "Rilton Cup"]
[Site "?"]
[Date "2001.12.28"]
[Round "2"]
[White "Hunt, Adam"]
[Black "Yakovich, Yuri"]
[Result "0-1"]
[WhiteElo "2356"]
[BlackElo "2588"]
[PlyCount "68"]

1. e4 c5 2. Nf3 d6 3. c3 Nf6 4. Be2 Bd7 5. d3 g6 6. O-O Bg7 7. Re1 O-O 8. Bf1
Nc6 9. h3 e5 10. Na3 Qb8 11. Nc2 d5 12. exd5 Nxd5 13. d4 cxd4 14. cxd4 exd4 15.
Ncxd4 Nxd4 16. Nxd4 Qc7 17. Nf3 Nb6 18. a4 Bf5 19. a5 Nc4 20. Bxc4 Qxc4 21. Qa4
Qxa4 22. Rxa4 Rfe8 23. Rxe8+ Rxe8 24. Be3 a6 25. Rb4 Be4 26. Nd2 Bd5 27. Kf1
Rc8 28. Ne4 Rc4 29. Rxc4 Bxc4+ 30. Ke1 Bxb2 31. Nd2 Bc3 32. Bb6 f6 33. Kd1 Bd3
34. h4 Kf7 0-1

[Event "Rilton Cup"]
[Site "?"]
[Date "2001.12.28"]
[Round "2"]
[White "Keskinen, Sauri"]
[Black "Hillarp-Persson, Tiger"]
[Result "0-1"]
[WhiteElo "2294"]
[BlackElo "2450"]
[PlyCount "66"]

1. e4 e6 2. d3 d5 3. Nd2 c5 4. g3 Nc6 5. Bg2 Nf6 6. Ngf3 Be7 7. O-O O-O 8. Re1
b5 9. e5 Ne8 10. Nf1 a5 11. h4 a4 12. h5 a3 13. bxa3 h6 14. N1h2 Kh7 15. Ng4
Rh8 16. c3 Qa5 17. Qd2 Kg8 18. Rb1 Nc7 19. Bb2 c4 20. dxc4 bxc4 21. Qf4 Bxa3
22. Bxa3 Qxa3 23. Rb6 Ne7 24. Nf6+ Kf8 25. Rd6 Ne8 26. Rd8 gxf6 27. exf6 Nc6
28. Rxe8+ Kxe8 29. Qc7 Bd7 30. Rb1 Qxc3 31. Rb7 Rd8 32. Qf4 e5 33. Qh4 e4 0-1